000 00543cam a22001814a 4500
005 20250605164249.0
008 250528s ||||||||||||||||||||||||d
035 _a21655
040 _aGR-AtMCL
_bgre
_dGR-AtMCL
_eAACR2
245 1 _aΔΙΟΙΚΗΣΗ ΜΙΚΡΟΜΕΣΑΙΩΝ ΕΠΙΧΕΙΡΗΣΕΩΝ ΚΑΙ ΕΠΙΧΕΙΡΗΜΑΤΙΚΟΤΗΤΑ
250 _a2
260 _bΑυτοεκδοση,
_c1994
300 _a426
700 1 _aΚανελλοπουλος Κ. Χαραλ
_97500
942 _cBK
999 _c6716
_d6716